00451 2200181 4500001002100000008004100021020002200062035002000084082000800104084001400112100001500126245003100141260003700172300002000209650001000229990001500239990001500254INLIS000000000003224 ind  a978-623-8829-61-3 a0010-1225000045 a813 a813 LIY s aLiye, Tere aSelamat TinggalcTere Liye aDepok :bPT Sabak Grip Nusantara a354c13,5x20 cm aFiksi a19684/B/26 a19685/B/26